000 00575cam a2200217ua 4500
001 1213
008 110617n ii |||gr||||Z||||||eng
020 _a0333-93371-0
040 _cMAIN
082 _a333.7
245 1 0 _aEnvironmental economics in theory and practice
_cby Nick Hanley
250 _a1st ed.
260 _aNew Delhi:
_bMacmillan,999.
300 _axv, 464p.:
_bill.;
_c26cm.
653 _aEconomics
653 _aEnvironmental economics
700 1 _aHanley, Nick,
_eAuthor.
700 1 _aShogren, JAson F,
_eAuthor.
700 1 _aWhite, Ben,
942 _cBK
999 _c1120
_d1120